[Event "Ronne Jubilaum"]
[Site "Ronne"]
[Date "2001.06.27"]
[Round "5"]
[White "Ferrung, Steffen"]
[Black "Jensen, Jan Kargaard"]
[Result "1-0"]
[WhiteElo "1740"]
[BlackElo "1644"]
[PlyCount "137"]
[EventDate "2001.??.??"]
[EventType "swiss"]
[EventRounds "9"]
[EventCountry "DEN"]
[SourceDate "2005.12.01"]

1. f4 Nf6 2. Nf3 d6 3. g3 g6 4. Bg2 Bg7 5. Nc3 c5 6. d3 Nc6 7. e4 O-O 8. Be3 a6
9. h3 Qc7 10. g4 Rb8 11. g5 Nh5 12. Nh4 e6 13. Bf3 Bd4 14. Bxd4 cxd4 15. Ne2
Ng7 16. Ng2 e5 17. h4 b5 18. h5 Be6 19. hxg6 fxg6 20. Kf1 Qc8 21. Qe1 Rb7 22.
Qh4 Ne8 23. Rh2 Rbf7 24. Kf2 exf4 25. Rah1 Ne5 26. Rc1 Bg4 27. Ne1 Bxf3 28.
Nxf3 Ng4+ 29. Kg2 Nxh2 30. Kxh2 Qe6 31. b3 Nc7 32. Nexd4 Qe8 33. Ne2 d5 34. e5
Ne6 35. d4 Qe7 36. Nc3 Nxd4 37. Nxd4 Qxe5 38. Rd1 f3+ 39. Kg1 Rf4 40. Qf2 Qxg5+
41. Kf1 Qg2+ 42. Qxg2 fxg2+ 43. Kxg2 Rg4+ 44. Kh3 h5 45. Nxd5 Rf2 46. Rd3 Rgg2
47. Nf4 Rh2+ 48. Kg3 g5 49. Nxh5 Rfg2+ 50. Kf3 g4+ 51. Kf4 Rxh5 52. a4 bxa4 53.
bxa4 Ra5 54. c4 Rc5 55. Rc3 Kf7 56. Nb3 Rc7 57. c5 Kg6 58. c6 Kh5 59. Rc5+ Kh4
60. Nd4 Rf2+ 61. Ke3 Rf6 62. Ke4 Rg6 63. Kf4 Kh3 64. a5 g3 65. Rc3 Kh2 66. Nf3+
Kh3 67. Nd4 Rd6 68. Rxg3+ Kh2 69. Nf3+ 1-0

[Event "Ronne Jubilaum"]
[Site "Ronne"]
[Date "2001.06.27"]
[Round "5"]
[White "Kraft, Rene"]
[Black "Hemdorff, Dennis"]
[Result "1-0"]
[WhiteElo "1627"]
[BlackElo "1653"]
[PlyCount "59"]
[EventDate "2001.??.??"]
[EventType "swiss"]
[EventRounds "9"]
[EventCountry "DEN"]
[SourceDate "2005.12.01"]

1. d4 b6 2. c4 e6 3. Nc3 Bb7 4. e4 d6 5. f4 Nd7 6. Nf3 Be7 7. Bd3 c5 8. d5 exd5
9. exd5 Ngf6 10. O-O O-O 11. Qc2 Re8 12. b3 Nf8 13. Bb2 Bc8 14. Rae1 Ng6 15.
Ng5 Bd7 16. Rf3 Bg4 17. Bxg6 hxg6 18. Rfe3 Bf5 19. Qf2 Qd7 20. h3 Qc7 21. Qh4
Bd7 22. Nce4 Nh5 23. g4 Bxg5 24. Nxg5 Rxe3 25. Rxe3 f6 26. gxh5 fxg5 27. Qxg5
Qd8 28. Qxg6 Qf8 29. Rg3 Be8 30. Qh6 1-0

[Event "Ronne Jubilaum"]
[Site "Ronne"]
[Date "2001.06.27"]
[Round "5"]
[White "Jakobsen, Ole"]
[Black "Aaberg, Anton"]
[Result "1-0"]
[WhiteElo "2399"]
[BlackElo "2266"]
[PlyCount "63"]
[EventDate "2001.??.??"]
[EventType "swiss"]
[EventRounds "9"]
[EventCountry "DEN"]
[SourceDate "2005.12.01"]

1. d4 d5 2. c4 c6 3. Nf3 Nf6 4. e3 a6 5. Nbd2 Bf5 6. Be2 e6 7. O-O Nbd7 8. b3
Bd6 9. Bb2 h5 10. h3 Ng4 11. c5 Bb8 12. b4 Qf6 13. Qb3 g5 14. a4 Nh6 15. Ne5
Nxe5 16. dxe5 Bxe5 17. Bxe5 Qxe5 18. e4 Bxe4 19. Rae1 g4 20. b5 axb5 21. axb5
Rg8 22. Nxe4 dxe4 23. bxc6 bxc6 24. Qb7 Rb8 25. Qxc6+ Ke7 26. hxg4 Nxg4 27.
Bxg4 Rxg4 28. f3 Qd4+ 29. Rf2 Rg5 30. Qc7+ Kf6 31. Qxb8 exf3 32. Qh8+ 1-0

[Event "Ronne Jubilaum"]
[Site "Ronne"]
[Date "2001.06.27"]
[Round "6"]
[White "Loginov, Valery A"]
[Black "Kveinys, Aloyzas"]
[Result "1/2-1/2"]
[WhiteElo "2499"]
[BlackElo "2533"]
[PlyCount "52"]
[EventDate "2001.??.??"]
[EventType "swiss"]
[EventRounds "9"]
[EventCountry "DEN"]
[SourceDate "2005.12.01"]

1. Nf3 d5 2. g3 c6 3. Bg2 Nf6 4. O-O Bg4 5. c4 e6 6. d3 Nbd7 7. cxd5 exd5 8.
Nc3 Bc5 9. Qc2 O-O 10. e4 dxe4 11. dxe4 Qe7 12. h3 Bh5 13. Nh4 Rfe8 14. Bd2
Rad8 15. Na4 Bg6 16. Nxg6 hxg6 17. Nxc5 Qxc5 18. Bc3 Nf8 19. Rad1 Ne6 20. Qb3
Ng5 21. Rxd8 Rxd8 22. Qxb7 Nfxe4 23. Qc7 Rd1 24. Qb8+ Kh7 25. Qf4 Nxc3 26. bxc3
Rxf1+ 1/2-1/2

[Event "Ronne Jubilaum"]
[Site "Ronne"]
[Date "2001.06.27"]
[Round "6"]
[White "Hector, Jonny"]
[Black "Hillarp Persson, Tiger"]
[Result "1/2-1/2"]
[WhiteElo "2546"]
[BlackElo "2443"]
[PlyCount "106"]
[EventDate "2001.??.??"]
[EventType "swiss"]
[EventRounds "9"]
[EventCountry "DEN"]
[SourceDate "2005.12.01"]

1. e4 e6 2. d4 d5 3. Nc3 dxe4 4. Nxe4 Bd7 5. Nf3 Bc6 6. Bd3 Nd7 7. O-O Ngf6 8.
Ned2 Be7 9. c3 O-O 10. Qe2 a5 11. a4 Bd5 12. Re1 Re8 13. Ne5 c5 14. Bb5 cxd4
15. cxd4 Bb4 16. Nd3 Qe7 17. Nxb4 Qxb4 18. Nc4 Rec8 19. Ne5 Nxe5 20. dxe5 Rc2
21. Qd1 Ng4 22. Re2 Rxe2 23. Qxe2 Qd4 24. Bg5 h6 25. h3 hxg5 26. hxg4 Rc8 27.
Rd1 Qf4 28. f3 Bb3 29. Rd3 Bxa4 30. Bxa4 Qxa4 31. Qd2 Qf4 32. Rd8+ Rxd8 33.
Qxd8+ Kh7 34. Qb6 Qxe5 35. Qxb7 Kg6 36. Qb3 Qd4+ 37. Kh2 Kf6 38. Qc2 a4 39. Kh1
Qb4 40. Qc1 g6 41. Qc2 Qb3 42. Qd2 Qb6 43. Qc3+ e5 44. Qc2 Qd4 45. Qc6+ Kg7 46.
Qc2 Qb4 47. Qe2 Kf6 48. Qa6+ Ke7 49. Qe2 Ke6 50. Qa6+ Kd5 51. Qa8+ Ke6 52. Qe8+
Kf6 53. Qh8+ Ke6 1/2-1/2

[Event "Ronne Jubilaum"]
[Site "Ronne"]
[Date "2001.06.27"]
[Round "6"]
[White "De Firmian, Nick E"]
[Black "Jakobsen, Ole"]
[Result "1/2-1/2"]
[WhiteElo "2382"]
[BlackElo "2399"]
[PlyCount "32"]
[EventDate "2001.??.??"]
[EventType "swiss"]
[EventRounds "9"]
[EventCountry "DEN"]
[SourceDate "2005.12.01"]

1. e4 c5 2. Nf3 e6 3. d4 cxd4 4. Nxd4 Nc6 5. Nc3 Qc7 6. Be2 a6 7. O-O Nf6 8.
Kh1 Nxd4 9. Qxd4 Bc5 10. Qd3 O-O 11. f4 d6 12. Qg3 Bd4 13. Bd3 d5 14. exd5 exd5
15. Bd2 Re8 16. Qh4 Qc5 1/2-1/2

[Event "Ronne Jubilaum"]
[Site "Ronne"]
[Date "2001.06.27"]
[Round "6"]
[White "Smetankin, Stanislav"]
[Black "Pedersen, Steffen"]
[Result "1-0"]
[WhiteElo "2431"]
[BlackElo "2463"]
[PlyCount "121"]
[EventDate "2001.??.??"]
[EventType "swiss"]
[EventRounds "9"]
[EventCountry "DEN"]
[SourceDate "2005.12.01"]

1. e4 e6 2. d4 d5 3. Nd2 Be7 4. Ngf3 Nf6 5. e5 Nfd7 6. c3 c5 7. Bd3 Nc6 8. O-O
a5 9. Re1 cxd4 10. cxd4 g5 11. h3 h5 12. Nf1 g4 13. hxg4 hxg4 14. N3h2 Nxd4 15.
Qxg4 Bc5 16. g3 Qe7 17. Bg5 Qf8 18. Qf4 Qg8 19. Kg2 Rh5 20. Bf6 Nxf6 21. exf6
Qg5 22. Qxg5 Rxg5 23. f4 Rg8 24. Ne3 Bd7 25. Rac1 Bb4 26. Red1 Ba4 27. Bh7 Bxd1
28. Bxg8 Bh5 29. Nhg4 Bg6 30. Ne5 Kf8 31. Bxf7 Bxf7 32. Rc7 Be8 33. f7 Be7 34.
fxe8=Q+ Kxe8 35. Rxb7 Rc8 36. g4 Nc6 37. Ng6 Bc5 38. Kf3 Nd4+ 39. Kg2 Nc6 40.
Kf3 Nd4+ 41. Kg3 Nc6 42. Nd1 Nd8 43. Rg7 Bf8 44. Ra7 Nc6 45. Ra6 Bg7 46. Nc3
Kf7 47. f5 exf5 48. gxf5 Bxc3 49. bxc3 Ne7 50. Ra7 Kf6 51. Rxe7 Rxc3+ 52. Kg4
Rc4+ 53. Kh5 Ra4 54. Rd7 Kxf5 55. Rxd5+ Ke4 56. Rd2 Rb4 57. Kg5 a4 58. Nf4 Rb8
59. Ne6 Rb5+ 60. Kf6 a3 61. Rd4+ 1-0

[Event "Ronne Jubilaum"]
[Site "Ronne"]
[Date "2001.06.27"]
[Round "6"]
[White "Larsen, Karsten"]
[Black "Ibragimov, Ildar"]
[Result "0-1"]
[WhiteElo "2304"]
[BlackElo "2578"]
[PlyCount "108"]
[EventDate "2001.??.??"]
[EventType "swiss"]
[EventRounds "9"]
[EventCountry "DEN"]
[SourceDate "2005.12.01"]

1. e4 g6 2. d4 d6 3. c3 Nf6 4. Bd3 Bg7 5. Nf3 O-O 6. O-O c5 7. Re1 Bg4 8. Nbd2
cxd4 9. cxd4 Nc6 10. h3 Bd7 11. a3 a5 12. d5 Nb8 13. Rb1 a4 14. b4 axb3 15.
Qxb3 Na6 16. Bxa6 bxa6 17. Bb2 Rb8 18. Qa2 Qa5 19. Bd4 Bb5 20. Rb4 Rfc8 21. e5
dxe5 22. Bxe5 Ra8 23. Qb2 Qd8 24. Rd4 Ne8 25. a4 Bd7 26. Rh4 f6 27. Bd4 Nd6 28.
Bb6 Qf8 29. a5 Qf7 30. Qb3 h5 31. Rb4 g5 32. Ne4 g4 33. Nxd6 exd6 34. hxg4 hxg4
35. Nd2 Re8 36. Rbe4 f5 37. Rxe8+ Rxe8 38. Rxe8+ Qxe8 39. Be3 Qe5 40. g3 Bb5
41. Kh2 Qc3 42. Qb1 Qd3 43. Qxd3 Bxd3 44. Nb3 Bc3 45. Bd4 Bb4 46. Bb6 Kf7 47.
Nd4 Bc3 48. Nc6 Bc4 49. Nb8 Bb5 50. Bd8 Bb4 51. Bb6 Kf6 52. Bd4+ Ke7 53. Bb6
Bc5 54. Bc7 Bxf2 0-1

[Event "Ronne Jubilaum"]
[Site "Ronne"]
[Date "2001.06.27"]
[Round "6"]
[White "Hartvig, Ove Weiss"]
[Black "Kiriakov, Petr"]
[Result "0-1"]
[WhiteElo "2285"]
[BlackElo "2546"]
[PlyCount "82"]
[EventDate "2001.??.??"]
[EventType "swiss"]
[EventRounds "9"]
[EventCountry "DEN"]
[SourceDate "2005.12.01"]

1. e4 e6 2. d3 d5 3. Nd2 c5 4. Ngf3 Nc6 5. g3 Nf6 6. Bg2 Be7 7. O-O O-O 8. Re1
b5 9. e5 Nd7 10. Nf1 a5 11. h4 b4 12. Bf4 Ba6 13. Ne3 Rc8 14. Ng4 Nd4 15. Ng5
Nb6 16. c3 Nf5 17. Ne3 Nxe3 18. fxe3 h6 19. Nh3 f5 20. h5 Qe8 21. Kh2 Na4 22.
Qc2 bxc3 23. bxc3 c4 24. d4 Nxc3 25. Bf3 Ne4 26. Rg1 c3 27. g4 Rb8 28. Rg2 Rb2
29. Bxe4 Rxc2 30. Bxc2 fxg4 31. Bg6 Qb5 32. Nf2 Bg5 33. Bxg5 hxg5 34. Rag1 g3+
35. Kxg3 Qe2 36. Ng4 Qf3+ 37. Kh2 Bf1 38. Rg3 Qe2+ 39. Kh1 c2 40. Bxc2 Qxc2 41.
h6 Bd3 0-1

[Event "Ronne Jubilaum"]
[Site "Ronne"]
[Date "2001.06.27"]
[Round "6"]
[White "Berg, Klaus"]
[Black "Baekgaard, Martin"]
[Result "1-0"]
[WhiteElo "2316"]
[BlackElo "2270"]
[PlyCount "43"]
[EventDate "2001.??.??"]
[EventType "swiss"]
[EventRounds "9"]
[EventCountry "DEN"]
[SourceDate "2005.12.01"]

1. e4 e6 2. d4 d5 3. Nd2 c5 4. exd5 Qxd5 5. Ngf3 cxd4 6. Bc4 Qd6 7. Qe2 Nf6 8.
Nb3 Nc6 9. Bg5 Be7 10. O-O-O O-O 11. Nbxd4 Nxd4 12. Rxd4 Qc5 13. Rhd1 b5 14.
Bxb5 Bb7 15. Ne5 Bxg2 16. Bxf6 Bxf6 17. Nd7 Qf5 18. Bd3 Bf3 19. Bxf5 Bxe2 20.
Nxf6+ gxf6 21. Rg1+ Kh8 22. Bxh7 1-0

[Event "Ronne Jubilaum"]
[Site "Ronne"]
[Date "2001.06.27"]
[Round "6"]
[White "Fries Nielsen, Jens Ove"]
[Black "Maiorov, Nikita"]
[Result "1/2-1/2"]
[WhiteElo "2301"]
[BlackElo "2326"]
[PlyCount "72"]
[EventDate "2001.??.??"]
[EventType "swiss"]
[EventRounds "9"]
[EventCountry "DEN"]
[SourceDate "2005.12.01"]

1. Nf3 Nf6 2. e3 g6 3. b4 Bg7 4. Bb2 O-O 5. c4 d6 6. Be2 e5 7. d3 Ne8 8. Nc3 f5
9. c5 Nf6 10. cxd6 cxd6 11. Qb3+ Kh8 12. h4 h5 13. Ng5 Qe7 14. b5 Nbd7 15. Qe6
Qxe6 16. Nxe6 Rg8 17. Ba3 Ne8 18. Rc1 Nb6 19. Ng5 Bf8 20. Bf3 Rg7 21. Nd5 Bd7
22. Nc7 Nxc7 23. Rxc7 Bxb5 24. Ne6 Rd7 25. Rxd7 Bxd7 26. Nxf8 Rxf8 27. Bxd6 Re8
28. Bxb7 Bb5 29. Kd2 e4 30. Bc5 Bxd3 31. Bxb6 axb6 32. Rc1 Re7 33. Rc8+ Kg7 34.
Bc6 Ra7 35. a4 Ra5 36. Be8 b5 1/2-1/2

[Event "Ronne Jubilaum"]
[Site "Ronne"]
[Date "2001.06.27"]
[Round "6"]
[White "Scholvin, Bjoern"]
[Black "Demina, Julia"]
[Result "1/2-1/2"]
[WhiteElo "2122"]
[BlackElo "2350"]
[PlyCount "48"]
[EventDate "2001.??.??"]
[EventType "swiss"]
[EventRounds "9"]
[EventCountry "DEN"]
[SourceDate "2005.12.01"]

1. e4 c5 2. Nf3 e6 3. b3 d5 4. exd5 exd5 5. Bb2 Nc6 6. Qe2+ Be6 7. g3 h6 8. Bh3
Qe7 9. Bxe6 Qxe6 10. Qxe6+ fxe6 11. O-O Kf7 12. d3 Be7 13. Ne5+ Nxe5 14. Bxe5
Bf6 15. Re1 Ne7 16. Nd2 Bxe5 17. Rxe5 Nc6 18. Re3 Rhe8 19. a3 b5 20. Nf3 Nd4
21. Nxd4 cxd4 22. Re2 Rac8 23. a4 b4 24. f3 Rc6 1/2-1/2

[Event "Ronne Jubilaum"]
[Site "Ronne"]
[Date "2001.06.27"]
[Round "6"]
[White "Aaberg, Anton"]
[Black "Golovchenko, Gleb"]
[Result "1/2-1/2"]
[WhiteElo "2266"]
[BlackElo "2106"]
[PlyCount "53"]
[EventDate "2001.??.??"]
[EventType "swiss"]
[EventRounds "9"]
[EventCountry "DEN"]
[SourceDate "2005.12.01"]

1. d4 Nf6 2. c4 e6 3. g3 c5 4. d5 exd5 5. cxd5 d6 6. Nc3 g6 7. Bg2 Bg7 8. Nf3
O-O 9. O-O Na6 10. Nd2 Nc7 11. a4 b6 12. h3 Rb8 13. Re1 a6 14. Nc4 b5 15. axb5
axb5 16. Na5 Rb6 17. Nc6 Qd7 18. e4 Bb7 19. Ra7 Re8 20. f4 Ra8 21. Rxb7 Rxb7
22. e5 b4 23. exf6 bxc3 24. Ne7+ Qxe7 25. fxe7 cxb2 26. Bxb2 Rxb2 27. Re2
1/2-1/2

[Event "Ronne Jubilaum"]
[Site "Ronne"]
[Date "2001.06.27"]
[Round "6"]
[White "Hoi, Carsten"]
[Black "Solem, Trond"]
[Result "1-0"]
[WhiteElo "2404"]
[BlackElo "2185"]
[PlyCount "39"]
[EventDate "2001.??.??"]
[EventType "swiss"]
[EventRounds "9"]
[EventCountry "DEN"]
[SourceDate "2005.12.01"]

1. d4 f5 2. Nc3 Nf6 3. Bg5 g6 4. e3 Bg7 5. Bd3 Nc6 6. Nf3 d6 7. Qe2 h6 8. Bh4
g5 9. Bg3 Nh5 10. O-O-O e6 11. d5 Nxg3 12. hxg3 Nb4 13. Nd4 O-O 14. dxe6 c5 15.
Nxf5 Rxf5 16. Bxf5 Qf6 17. Rxd6 b6 18. e7 Qxe7 19. Qc4+ Kf8 20. Bh7 1-0

[Event "Ronne Jubilaum"]
[Site "Ronne"]
[Date "2001.06.27"]
[Round "6"]
[White "Rorvik, Jon F"]
[Black "Gaponenko, Inna"]
[Result "0-1"]
[WhiteElo "2174"]
[BlackElo "2373"]
[PlyCount "76"]
[EventDate "2001.??.??"]
[EventType "swiss"]
[EventRounds "9"]
[EventCountry "DEN"]
[SourceDate "2005.12.01"]

1. c4 e5 2. Nc3 Nc6 3. g3 f5 4. Bg2 Nf6 5. d3 Bc5 6. e3 a6 7. Nge2 d6 8. O-O
O-O 9. a3 Ba7 10. d4 Qe8 11. b3 Qg6 12. Bb2 Qh6 13. Nd5 Ne8 14. b4 e4 15. b5
axb5 16. cxb5 Be6 17. Nef4 Ne7 18. Nxe6 Qxe6 19. Nf4 Qd7 20. Qb3+ d5 21. a4 c6
22. Rfc1 Nd6 23. Bf1 g5 24. Ng2 Rf6 25. Rc2 Bb8 26. Rac1 Nf7 27. Ba3 Bd6 28.
Bc5 Kh8 29. Qb4 f4 30. exf4 gxf4 31. a5 Ng5 32. Nxf4 Nf3+ 33. Kh1 Bxf4 34. Bxe7
Rh6 35. h4 Bxc1 36. Rxc1 Re8 37. Bf8 Rxh4+ 38. gxh4 Qg4 0-1

[Event "Ronne Jubilaum"]
[Site "Ronne"]
[Date "2001.06.27"]
[Round "6"]
[White "Angskog, Kent"]
[Black "Hautala, Roman"]
[Result "1/2-1/2"]
[WhiteElo "2160"]
[BlackElo "2182"]
[PlyCount "59"]
[EventDate "2001.??.??"]
[EventType "swiss"]
[EventRounds "9"]
[EventCountry "DEN"]
[SourceDate "2005.12.01"]

1. Nf3 Nf6 2. c4 g6 3. Nc3 Bg7 4. e4 d6 5. d4 O-O 6. Be2 e5 7. Bg5 h6 8. Bh4 c6
9. dxe5 dxe5 10. Qxd8 Rxd8 11. Nxe5 Re8 12. f4 Na6 13. O-O-O Nc5 14. Bf3 Ne6
15. Bg3 g5 16. fxg5 Nxg5 17. Rhe1 Be6 18. h4 Nxf3 19. gxf3 Nh5 20. Bh2 Bxe5 21.
Bxe5 Bxc4 22. Rg1+ Kh7 23. Bd4 Rg8 24. Kd2 Rxg1 25. Rxg1 Rd8 26. Ke3 c5 27.
Bxc5 Rd3+ 28. Kf2 Rd2+ 29. Ke3 Rd3+ 30. Kf2 1/2-1/2

[Event "Ronne Jubilaum"]
[Site "Ronne"]
[Date "2001.06.27"]
[Round "6"]
[White "Petersen, Tom Petri"]
[Black "Rendboe, John Filip"]
[Result "1/2-1/2"]
[WhiteElo "2098"]
[BlackElo "2259"]
[PlyCount "90"]
[EventDate "2001.??.??"]
[EventType "swiss"]
[EventRounds "9"]
[EventCountry "DEN"]
[SourceDate "2005.12.01"]

1. e4 c5 2. Nf3 Nc6 3. Nc3 e6 4. g3 g6 5. Bg2 Bg7 6. O-O Nge7 7. d3 O-O 8. Be3
Nd4 9. Qd2 b6 10. Nh4 Bb7 11. Nd1 d5 12. f3 f5 13. c3 Ndc6 14. Nf2 e5 15. Bg5
f4 16. Ng4 Qd6 17. Rae1 dxe4 18. fxe4 h5 19. Nf2 fxg3 20. hxg3 Rad8 21. Qe3 Ba6
22. Rd1 Kh7 23. Bf3 Bc8 24. Kg2 Bf6 25. Be2 Bxg5 26. Qxg5 Qf6 27. Qe3 Qe6 28.
Nf3 Kg7 29. a3 Ng8 30. Ng5 Qe7 31. Nfh3 Nh6 32. b4 Ng4 33. Bxg4 Bxg4 34. Rd2
Rxf1 35. Kxf1 Rf8+ 36. Rf2 Nd8 37. bxc5 bxc5 38. Kg2 Rxf2+ 39. Nxf2 Qf6 40. a4
Bd7 41. a5 Nc6 42. Nf3 Qd6 43. Qg5 Qf6 44. Qc1 Qe7 45. Qa3 Kf6 1/2-1/2

[Event "Ronne Jubilaum"]
[Site "Ronne"]
[Date "2001.06.27"]
[Round "6"]
[White "Schultz Pedersen, Jesper"]
[Black "Hafner, Christian"]
[Result "1/2-1/2"]
[WhiteElo "2206"]
[BlackElo "2111"]
[PlyCount "61"]
[EventDate "2001.??.??"]
[EventType "swiss"]
[EventRounds "9"]
[EventCountry "DEN"]
[SourceDate "2005.12.01"]

1. e4 c5 2. Nc3 Nc6 3. f4 d6 4. Nf3 g6 5. Bc4 Bg7 6. a3 e6 7. O-O Nge7 8. d3 a6
9. Ba2 b5 10. Qe1 Bb7 11. f5 gxf5 12. Qh4 Nd4 13. Qh5 Nxf3+ 14. Rxf3 Qd7 15.
Bg5 Bd4+ 16. Kh1 Rg8 17. Re1 Rxg5 18. Qxg5 O-O-O 19. Rh3 Rg8 20. Qh5 Ng6 21.
Rg3 Bf2 22. Rf1 Bxg3 23. hxg3 b4 24. axb4 cxb4 25. exf5 bxc3 26. fxg6 hxg6 27.
Qh7 Qd8 28. Rxf7 Rh8 29. Bxe6+ Kb8 30. Rxb7+ Ka8 31. Ra7+ 1/2-1/2

[Event "Ronne Jubilaum"]
[Site "Ronne"]
[Date "2001.06.27"]
[Round "6"]
[White "Brauer, Christian"]
[Black "Eriksson, Bo"]
[Result "1/2-1/2"]
[WhiteElo "2286"]
[BlackElo "2232"]
[PlyCount "49"]
[EventDate "2001.??.??"]
[EventType "swiss"]
[EventRounds "9"]
[EventCountry "DEN"]
[SourceDate "2005.12.01"]

1. d4 d5 2. g3 g6 3. Bg2 Bg7 4. Nf3 Nf6 5. c4 c6 6. cxd5 cxd5 7. O-O O-O 8. Ne5
Qb6 9. Nc3 e6 10. b3 Nfd7 11. Na4 Qd6 12. Nxd7 Nxd7 13. Bf4 Qb4 14. e3 b5 15.
Nb2 Bb7 16. Nd3 Qe7 17. g4 Rfc8 18. Qd2 a5 19. Rfc1 b4 20. Rxc8+ Rxc8 21. Rc1
Qd8 22. Rc2 Rc6 23. Qc1 Qc8 24. Rxc6 Bxc6 25. Bf1 1/2-1/2

[Event "Ronne Jubilaum"]
[Site "Ronne"]
[Date "2001.06.27"]
[Round "6"]
[White "Poley, Vladimir"]
[Black "Lilja, Richard"]
[Result "1/2-1/2"]
[WhiteElo "2361"]
[BlackElo "2104"]
[PlyCount "60"]
[EventDate "2001.??.??"]
[EventType "swiss"]
[EventRounds "9"]
[EventCountry "DEN"]
[SourceDate "2005.12.01"]

1. Nf3 Nf6 2. g3 g6 3. b4 Bg7 4. Bb2 O-O 5. Bg2 c6 6. d3 a5 7. a3 axb4 8. axb4
Rxa1 9. Bxa1 Qb6 10. c3 d5 11. O-O Bg4 12. Nbd2 Nbd7 13. Qa4 Qc7 14. c4 dxc4
15. dxc4 c5 16. b5 Nb6 17. Qb3 Rd8 18. Be5 Qc8 19. h3 Bxh3 20. Bxh3 Qxh3 21.
Bc7 Rd7 22. Bxb6 Rxd2 23. Nxd2 Ng4 24. Nf3 Be5 25. Qd3 Bxg3 26. Qd8+ Kg7 27.
Bc7 e5 28. fxg3 Qxg3+ 29. Kh1 Qh3+ 30. Kg1 Qg3+ 1/2-1/2

[Event "Ronne Jubilaum"]
[Site "Ronne"]
[Date "2001.06.27"]
[Round "6"]
[White "Grahn, Lars"]
[Black "Eidelson, Rakhil"]
[Result "0-1"]
[WhiteElo "2100"]
[BlackElo "2280"]
[PlyCount "62"]
[EventDate "2001.??.??"]
[EventType "swiss"]
[EventRounds "9"]
[EventCountry "DEN"]
[SourceDate "2005.12.01"]

1. d4 Nf6 2. c4 c5 3. d5 b5 4. cxb5 a6 5. e3 axb5 6. Bxb5 Qa5+ 7. Nc3 Bb7 8.
Nge2 Nxd5 9. O-O e6 10. e4 Nxc3 11. Nxc3 Nc6 12. Bxc6 Bxc6 13. Bf4 Be7 14. Bd6
Qd8 15. Re1 Bxd6 16. Qxd6 Qe7 17. Qg3 O-O 18. e5 f5 19. f4 Rfb8 20. Re2 Rb4 21.
Rd1 Rab8 22. Rdd2 Rd4 23. Qe3 Rc4 24. Rd6 Qh4 25. Rf2 Rbb4 26. a3 Rb3 27. g3
Qh3 28. Qd3 Rcxc3 29. bxc3 Be4 30. Qe2 Rxc3 31. Qb2 Rxg3+ 0-1

[Event "Ronne Jubilaum"]
[Site "Ronne"]
[Date "2001.06.27"]
[Round "6"]
[White "Allgaier, Erik"]
[Black "Hauschild, Andreas"]
[Result "1/2-1/2"]
[WhiteElo "2276"]
[BlackElo "2290"]
[PlyCount "39"]
[EventDate "2001.??.??"]
[EventType "swiss"]
[EventRounds "9"]
[EventCountry "DEN"]
[SourceDate "2005.12.01"]

1. e4 c5 2. g3 d5 3. Nc3 dxe4 4. Nxe4 e5 5. Qh5 Nc6 6. Bb5 Bd7 7. Bxc6 Bxc6 8.
Qxe5+ Be7 9. Qxg7 Bxe4 10. Qxh8 Kf8 11. d3 Bf6 12. Bh6+ Ke7 13. Bg7 Bxh1 14.
O-O-O Bd5 15. Re1+ Kd7 16. Qxh7 Qa5 17. Re3 Bxg7 18. Qxg7 Qxa2 19. Nf3 Kc6 20.
Ne5+ 1/2-1/2

[Event "Ronne Jubilaum"]
[Site "Ronne"]
[Date "2001.06.27"]
[Round "6"]
[White "Andersen, Rune"]
[Black "Tetenkina, Irina"]
[Result "0-1"]
[WhiteElo "2298"]
[BlackElo "2221"]
[PlyCount "104"]
[EventDate "2001.??.??"]
[EventType "swiss"]
[EventRounds "9"]
[EventCountry "DEN"]
[SourceDate "2005.12.01"]

1. d4 d5 2. e4 dxe4 3. Nc3 Nf6 4. f3 Nbd7 5. fxe4 e5 6. dxe5 Nxe5 7. Qxd8+ Kxd8
8. Bf4 Bd6 9. O-O-O Ke7 10. Nf3 Nd3+ 11. Bxd3 Bxf4+ 12. Kb1 c6 13. Rhf1 Ng4 14.
g3 Bc7 15. Rde1 f6 16. Bc4 Ne5 17. Nxe5 Bxe5 18. Nd1 Bh3 19. Rf3 h5 20. Nf2 Bg2
21. Rb3 b5 22. Bf1 Bxf1 23. Rxf1 h4 24. Ng4 Bd6 25. a4 hxg3 26. hxg3 a6 27. c4
Rh5 28. axb5 axb5 29. Ne3 bxc4 30. Nf5+ Ke6 31. Rb6 Bf8 32. Rxc6+ Ke5 33. Nxg7
Rh2 34. Re6+ Kd4 35. Nf5+ Kd3 36. Rc1 Rxb2+ 37. Kxb2 Ba3+ 38. Kb1 Rb8+ 39. Ka2
Bxc1 40. Rxf6 Bb2 41. Ra6 Be5 42. Ne7 Rb2+ 43. Ka3 c3 44. Ng6 Bd4 45. Rc6 c2
46. Nf4+ Kd2 47. Rc4 Be5 48. g4 Rb1 49. Ne2 Re1 50. Kb3 Rb1+ 51. Ka3 Kd3 52.
Rc6 Re1 0-1

[Event "Ronne Jubilaum"]
[Site "Ronne"]
[Date "2001.06.27"]
[Round "6"]
[White "Carlsen, Magnus"]
[Black "Lindberg, Henrik"]
[Result "0-1"]
[WhiteElo "2288"]
[BlackElo "2210"]
[PlyCount "106"]
[EventDate "2001.??.??"]
[EventType "swiss"]
[EventRounds "9"]
[EventCountry "DEN"]
[SourceDate "2005.12.01"]

1. e4 c5 2. Nf3 Nc6 3. Nc3 g6 4. d4 cxd4 5. Nxd4 Bg7 6. Be3 Nf6 7. Bc4 O-O 8.
Bb3 a5 9. a4 Ng4 10. Qxg4 Nxd4 11. Qd1 Nxb3 12. cxb3 d6 13. Bd4 Be6 14. Bxg7
Kxg7 15. O-O Qb6 16. Nd5 Bxd5 17. Qxd5 Rac8 18. Rac1 Rc6 19. Rc4 Qxb3 20. Rxc6
Qxd5 21. exd5 bxc6 22. dxc6 Rc8 23. Rc1 Kf6 24. Kf1 Rc7 25. Rc4 Ke6 26. b4 axb4
27. Rxb4 Rxc6 28. Re4+ Kd7 29. g4 g5 30. h3 Rc3 31. Kg2 Ra3 32. f4 h6 33. f5 d5
34. Rb4 Kc6 35. Rb8 Rxa4 36. Rh8 d4 37. Rxh6+ Kd5 38. Rh8 Ke4 39. Rd8 Ra1 40.
f6 e5 41. Rd7 Ra2+ 42. Kg3 Ra3+ 43. Kg2 Ra2+ 44. Kg3 d3 45. Rxf7 Ra6 46. Kf2
Rd6 47. Ke1 Ke3 48. Re7 e4 49. f7 d2+ 50. Kd1 Rf6 51. Rd7 Rf1+ 52. Kc2 Rc1+ 53.
Kb2 Rc8 0-1

[Event "Ronne Jubilaum"]
[Site "Ronne"]
[Date "2001.06.27"]
[Round "6"]
[White "Poulsen, Morten Kjar"]
[Black "Henriksen, Geir I"]
[Result "0-1"]
[WhiteElo "1785"]
[BlackElo "2209"]
[PlyCount "56"]
[EventDate "2001.??.??"]
[EventType "swiss"]
[EventRounds "9"]
[EventCountry "DEN"]
[SourceDate "2005.12.01"]

1. e4 c5 2. Nf3 Nc6 3. d4 cxd4 4. Nxd4 Qc7 5. Nc3 e6 6. Be3 a6 7. Nxc6 bxc6 8.
Bd3 Nf6 9. O-O d5 10. f4 Be7 11. Qf3 O-O 12. exd5 cxd5 13. Ne2 a5 14. Rac1 Ba6
15. Bd4 Bc5 16. Bxc5 Qxc5+ 17. Kh1 Rfc8 18. Ng3 Bxd3 19. Qxd3 Rab8 20. b3 Rb4
21. c3 Rb6 22. c4 Qa3 23. Rc2 Rbc6 24. Rfc1 h6 25. cxd5 Qxc1+ 26. Rxc1 Rxc1+
27. Nf1 Nxd5 28. h3 R8c3 0-1

[Event "Ronne Jubilaum"]
[Site "Ronne"]
[Date "2001.06.27"]
[Round "6"]
[White "Eriksson, Magnus"]
[Black "Henrichsen, Jens"]
[Result "1-0"]
[WhiteElo "2290"]
[BlackElo "2051"]
[PlyCount "85"]
[EventDate "2001.??.??"]
[EventType "swiss"]
[EventRounds "9"]
[EventCountry "DEN"]
[SourceDate "2005.12.01"]

1. d4 Nf6 2. c4 g6 3. Nc3 Bg7 4. e4 d6 5. Be2 O-O 6. Bg5 h6 7. Bf4 c5 8. d5 b5
9. cxb5 a6 10. a4 axb5 11. axb5 Rxa1 12. Qxa1 Nbd7 13. Nf3 Qc7 14. Nd2 Bb7 15.
Nc4 Ra8 16. Qc1 Kh7 17. O-O Nb6 18. Qc2 Nfd7 19. Bd2 Nxc4 20. Bxc4 Nb6 21. Be2
Bc8 22. b3 e6 23. Na4 exd5 24. exd5 Nxd5 25. Bf3 Bb7 26. Qc4 Nf6 27. b6 Qd7 28.
Bxb7 Qxb7 29. Bf4 Ne4 30. Rd1 Bd4 31. Be3 d5 32. Qb5 Bxe3 33. fxe3 Rc8 34. Qa5
c4 35. bxc4 Rxc4 36. Ra1 Kg7 37. h3 Nf6 38. Qa7 Qc6 39. b7 Rc1+ 40. Rxc1 Qxc1+
41. Kh2 Nd7 42. Nc5 Qxe3 43. Qa1+ 1-0